000 00620nam a2200181Ia 4500
008 090124s9999 xx 000 0 und d
082 _b27415
_a1945
100 _aराऊत रामचंद्र म.
245 _a प्राचीन भारत व तरापूर
250 _a1
260 _c1993
300 _a193
600 _aराऊत रामचंद्र म.
630 _a प्राचीन भारत व तरापूर
700 _aराऊत रामचंद्र म.
730 _a प्राचीन भारत व तरापूर
942 _cBOOK
999 _c140879
_d140879